Η ετερότητα του άλλου : δοκίμιο για μια τρέχουσα μεταηθική

Αποθηκεύτηκε σε:
Λεπτομέρειες βιβλιογραφικής εγγραφής
Κύριος συγγραφέας: Ρήγου, Μυρτώ
Μορφή: Βιβλίο
Γλώσσα:Greek
Δημοσίευση: Αθήνα : Πλέθρον, 1995.
Σειρά:Θεωρία και κοινωνία (Πλέθρον)
Θέματα:
Ετικέτες: Προσθήκη ετικέτας
Δεν υπάρχουν, Καταχωρήστε ετικέτα πρώτοι!

MARC

LEADER 00000cam a2200000 i 4500
001 1/14625
008 980512s1995 gr | ||| |||| ||gre||
020 |a 9603480258 
035 |l 10019494 
040 |a GR-MY-UA  |b gre  |e aacr 
041 0 |a gre 
082 7 |a 170   |2 (22) 
100 1 |a Ρήγου, Μυρτώ. 
245 1 2 |a Η ετερότητα του άλλου :   |b δοκίμιο για μια τρέχουσα μεταηθική /   |c Μυρτώ Ρήγου.  
260 |a Αθήνα :   |b Πλέθρον,   |c 1995.  
300 |a 123 σ. ;   |c 21 εκ.  
490 1 |a (Θεωρία και κοινωνία / Πλέθρον) 
650 0 0 |a Ethics. 
830 0 |a Θεωρία και κοινωνία (Πλέθρον) 
852 |a INST  |b LESVOS  |e 19980512  |h 170 ΡΗΓ  |p 005100014048  |q 005100014048  |t BK  |y 0 
901 |a BIBL1-1998-2 
909 |a Λ  |b 055974 
922 |a 1ΕΛΗ  |b 199804  |c ΚΠΣ/ΤΚ  |d EMVASIS 
950 |a 103-1998-02-03 
970 |z 2000/06